சச்சின் டெண்டுல்கர் சுயசரிதை (என் வழி தனி வழி ) (Record no. 23500)

MARC details
000 -LEADER
fixed length control field 00533nam a22001577a 4500
003 - CONTROL NUMBER IDENTIFIER
control field CUTN
005 - DATE AND TIME OF LATEST TRANSACTION
control field 20171005161028.0
008 - FIXED-LENGTH DATA ELEMENTS--GENERAL INFORMATION
fixed length control field 171005b xxu||||| |||| 00| 0 eng d
020 ## - INTERNATIONAL STANDARD BOOK NUMBER
International Standard Book Number 9788183225762
082 ## - DEWEY DECIMAL CLASSIFICATION NUMBER
Classification number 796.358
Item number TEN
100 ## - MAIN ENTRY--PERSONAL NAME
Personal name சச்சின் டெண்டுல்கர்
245 ## - TITLE STATEMENT
Title சச்சின் டெண்டுல்கர் சுயசரிதை (என் வழி தனி வழி )
260 ## - PUBLICATION, DISTRIBUTION, ETC. (IMPRINT)
Place of publication, distribution, etc Bhopal
Name of publisher, distributor, etc Manjul Publishing House Pvt.Ltd
Date of publication, distribution, etc 2014
300 ## - PHYSICAL DESCRIPTION
Extent 542
942 ## - ADDED ENTRY ELEMENTS (KOHA)
Source of classification or shelving scheme Dewey Decimal Classification
Koha item type Tamil Books

No items available.